000 00804nam a22003250a 4500
001 PT32330
003 AR-LpoUNG
005 20210131225931.0
008 191001s2007||||ag |||||||||||||||||spa d
020 _a9789875780606
_c$6,13
040 _aAR-LpoUNG
_bspa
_cAR-LpoUNG
_eaacr
041 _aspa
044 _aag
082 0 _a982.063 333lop
100 1 _aLarraquy, Marcelo
245 1 0 _aLópez Rega :
_bel peronismo y la Triple A
250 _a1ra ed.
260 _aBuenos Aires :
_bPunto de Lectura,
_c2007.
300 _a558 p. :
_bgráfs.
650 4 _aARGENTINA
650 4 _aBIOGRAFIAS
650 4 _aHISTORIA POLITICA
650 4 _aTERRORISMO
650 4 _aVIOLENCIA
651 4 _aArgentina
653 _aDESAPARECIDOS
653 _aPERONISMO
905 _a32330
942 _cLIB
999 _c598
_d598